[Event "Hamburg Seniors-ch 20th"]
[Site "Hamburg"]
[Date "2013.11.06"]
[Round "8"]
[White "Keuneke, Hanno"]
[Black "Frackowiak, Stanislaw"]
[Result "1-0"]
[WhiteElo "1767"]
[BlackElo "1531"]
[PlyCount "75"]
[EventDate "2013.10.30"]
[EventType "swiss"]
[EventRounds "9"]
[EventCountry "GER"]
[SourceTitle "EXT 2015"]
[Source "ChessBase"]
[SourceDate "2014.11.20"]
[SourceVersion "1"]
[SourceVersionDate "2014.11.20"]
[SourceQuality "1"]

1. e4 c5 2. Nf3 Nc6 3. d4 cxd4 4. Nxd4 Nf6 5. Nc3 e6 6. Ndb5 Bb4 7. a3 Bxc3+ 8. Nxc3 d5 9. exd5 exd5 10. Bd3 Bg4 11. f3 Be6 12. 0-0 0-0 13. Bg5 Qb6+ 14. Kh1 Nd7 15. Na4 Qa5 16. c3 d4 17. Bf4 Nce5 18. b4 Qd8 19. Bxe5 Nxe5 20. cxd4 Nc6 21. Nc5 Rb8 22. Nxe6 fxe6 23. Qb1 h6 24. Bc4 Rf6 25. Qe4 Qxd4 26. Bxe6+ Kh8 27. Bd5 Rf4 28. Qxd4 Rxd4 29. Rfd1 Rxd1+ 30. Rxd1 Rd8 31. Bb3 Rxd1+ 32. Bxd1 Nd4 33. a4 Kg8 34. b5 Kf8 35. Kg1 Ke7 36. Kf2 Kd6 37. Ke3 a6 38. Kxd4 1-0